[Event "36th Reykjavik op"]
[Site "Reykjavik ISL"]
[Date "2023.03.30"]
[Round "2.50"]
[White "Hayes, Peter"]
[Black "Braun, Vitali"]
[WhiteElo "2075"]
[BlackElo "2356"]
[Result "1-0"]
[EventDate "2023.03.29"]
[PlyCount "85"]

1. d4 d5 2. c4 c6 3. cxd5 cxd5 4. Nc3 Nf6 5. Bf4 Nc6 6. Nf3 a6 7. Rc1 Ne4 8. e3 Nxc3
9. bxc3 Bf5 10. Bd3 Bxd3 11. Qxd3 e6 12. O-O Bd6 13. Bxd6 Qxd6 14. c4 dxc4 15. Rxc4
O-O 16. Qc3 Ne7 17. Rc1 h6 18. Ne5 Nd5 19. Qa5 f6 20. Nd3 Rad8 21. Qc5 Qb8 22. g3
Rfe8 23. e4 b5 24. R4c2 Nb6 25. Nb4 Na4 26. Qh5 Qd6 27. Rc7 Re7 28. Nxa6 Red7 29.
Qxb5 Rxc7 30. Nxc7 Nb6 31. Rc6 Qxd4 32. Qxb6 Qa1+ 33. Kg2 Rd1 34. Nxe6 Rg1+ 35. Kf3
Qd1+ 36. Kf4 Qd2+ 37. Kf5 Kh7 38. Nf8+ Kg8 39. Qb3+ Kh8 40. Ng6+ Kh7 41. Qg8+ Kxg8
42. Rc8+ Kf7 43. Rf8#  1-0

[Event "36th Reykjavik op"]
[Site "Reykjavik ISL"]
[Date "2023.03.30"]
[Round "2.51"]
[White "Song, Julien"]
[Black "Hagevi, Vidar"]
[WhiteElo "2348"]
[BlackElo "2054"]
[Result "1-0"]
[EventDate "2023.03.29"]
[PlyCount "89"]

1. d4 Nf6 2. c4 e6 3. Nf3 d5 4. g3 dxc4 5. Bg2 c5 6. O-O Nc6 7. Ne5 Bd7 8. Nxc4 cxd4
9. Bf4 Be7 10. Nd6+ Kf8 11. Nxb7 Qb6 12. Nd6 Rd8 13. Nc4 Qa6 14. Nba3 Bxa3 15. Nxa3
e5 16. Bg5 Rc8 17. Rc1 Be6 18. Bxf6 gxf6 19. f4 Ne7 20. fxe5 fxe5 21. Qd2 Rxc1 22.
Rxc1 Kg7 23. Rc7 Ng6 24. h4 h5 25. Be4 Rc8 26. Bb7 Qb6 27. Bxc8 Qxc7 28. Bxe6 fxe6
29. Kh2 Qc5 30. Nc2 Ne7 31. Qg5+ Ng6 32. Ne1 Qc4 33. Qxh5 Qc1 34. Nd3 Qd2 35. Qg4
Kf8 36. h5 Ne7 37. Qf3+ Ke8 38. Nxe5 Nf5 39. g4 d3 40. Nxd3 Nh4 41. Qf2 Qg5 42. Kh3
Nf5 43. gxf5 Qxh5+ 44. Kg2 Qg4+ 45. Kf1  1-0

[Event "36th Reykjavik op"]
[Site "Reykjavik ISL"]
[Date "2023.03.30"]
[Round "2.52"]
[White "Dauth, Benjamin"]
[Black "Ptacnikova, Lenka"]
[WhiteElo "2261"]
[BlackElo "2040"]
[Result "1/2-1/2"]
[EventDate "2023.03.29"]
[PlyCount "105"]

1. e4 c5 2. Nf3 e6 3. d4 cxd4 4. Nxd4 Nc6 5. Nxc6 bxc6 6. Be2 Nf6 7. Nd2 d5 8. exd5
cxd5 9. O-O Bd6 10. Re1 O-O 11. Nf1 Qb6 12. Bf3 Ba6 13. Rb1 Rac8 14. Be3 Qc7 15.
c3 Bxf1 16. Kxf1 Qc4+ 17. Re2 Ng4 18. Bxg4 Qxg4 19. h3 Qc4 20. a3 a5 21. Qd2 Qa2
22. Rd1 Rb8 23. Bd4 e5 24. Bxe5 Bxe5 25. Rxe5 Rxb2 26. Qd4 Qxa3 27. Rxd5 h6 28. c4
Rbb8 29. Kg1 Qb4 30. Rd3 a4 31. Rg3 g6 32. Rd6 Qb1+ 33. Kh2 Rb3 34. Ra6 Qc2 35. Qd5
Rxg3 36. fxg3 Rc8 37. Ra7 Qxc4 38. Qd7 Rb8 39. Rxa4 Qb5 40. Qa7 Rb7 41. Qd4 h5 42.
Qf4 Rb8 43. Ra7 Rf8 44. Re7 Qb2 45. Re5 Kg7 46. h4 Ra8 47. Qe4 Rd8 48. Re7 Qf6 49.
Re5 Rc8 50. Qe2 Rc2 51. Qe4 Rc1 52. Re8 Qa1 53. Qe5+  1/2-1/2

[Event "36th Reykjavik op"]
[Site "Reykjavik ISL"]
[Date "2023.03.30"]
[Round "2.53"]
[White "Cederstam, Carl"]
[Black "Diaz, Franck"]
[WhiteElo "2255"]
[BlackElo "2035"]
[Result "1/2-1/2"]
[EventDate "2023.03.29"]
[PlyCount "100"]

1. e4 e5 2. Nf3 Nc6 3. Bb5 a6 4. Ba4 d6 5. O-O Bg4 6. h3 h5 7. c4 Qf6 8. Bxc6+ bxc6
9. d3 Bxf3 10. Qxf3 Qxf3 11. gxf3 Ne7 12. f4 exf4 13. Bxf4 g5 14. Be3 Bg7 15. Nc3
Rb8 16. Rab1 g4 17. Ne2 Kd7 18. f3 gxh3 19. d4 Bh6 20. Bxh6 Rbg8+ 21. Kf2 Rg2+ 22.
Ke3 Rxh6 23. Nf4 Rg3 24. Rh1 f5 25. e5 dxe5 26. dxe5 Ng6 27. Rbd1+ Ke7 28. Nxh3 Nxe5
29. Kf4 Rxf3+ 30. Kxe5 Re6+ 31. Kd4 Rd6+ 32. Kc5 Rxd1 33. Rxd1 Rxh3 34. Kxc6 Rh2
35. b3 Rxa2 36. Rh1 Rb2 37. Rxh5 Kf6 38. Rh3 Kg5 39. Kxc7 Kg4 40. Rc3 f4 41. Kb6
f3 42. Kxa6 f2 43. Rc1 Kf3 44. c5 Rxb3 45. c6 Rb8 46. c7 Rf8 47. Kb7 Kg2 48. c8=R
Rxc8 49. Kxc8 f1=Q 50. Rxf1 Kxf1  1/2-1/2

[Event "36th Reykjavik op"]
[Site "Reykjavik ISL"]
[Date "2023.03.30"]
[Round "2.54"]
[White "Mannion, Stephen"]
[Black "Fuchs, Elmar"]
[WhiteElo "2190"]
[BlackElo "1973"]
[Result "1-0"]
[EventDate "2023.03.29"]
[PlyCount "135"]

1. e4 d6 2. d4 Nf6 3. Nc3 Nbd7 4. Nf3 e5 5. Rg1 c6 6. g4 g6 7. Be3 Bg7 8. dxe5 dxe5
9. Qd2 O-O 10. O-O-O Qe7 11. g5 Nh5 12. Qd6 Qxd6 13. Rxd6 Re8 14. Bh3 Nb6 15. Bxc8
Rexc8 16. b3 Kf8 17. a4 Ke8 18. Rgd1 Rd8 19. a5 Rxd6 20. Rxd6 Nc8 21. Rd1 b6 22.
Kb2 Rb8 23. axb6 axb6 24. Na2 Rb7 25. Nb4 Rc7 26. Ra1 Kd7 27. Ra8 Nf4 28. Na6 Rb7
29. Nb8+ Kc7 30. Nxc6 Kxc6 31. Rxc8+ Kd6 32. Rg8 Ne6 33. Bd2 f6 34. gxf6 Bxf6 35.
Bb4+ Kc6 36. Bc3 Kd6 37. Nd2 b5 38. Bb4+ Kc6 39. Nb1 Ng5 40. Nc3 Kd7 41. Rf8 Bg7
42. Rg8 Ne6 43. Nd5 Kc6 44. Re8 Ng5 45. Rc8+ Kd7 46. Rg8 Ne6 47. Bc3 Kc6 48. Rc8+
Kd7 49. Ra8 Ng5 50. Rg8 Ne6 51. f3 Kc6 52. Nb4+ Kd6 53. Nd3 Rf7 54. Rb8 Nd4 55. Bxd4
exd4 56. f4 Kc6 57. e5 Re7 58. Rd8 g5 59. fxg5 Bxe5 60. h4 Bg7 61. h5 Kc7 62. Rd5
Kc6 63. Rf5 Kb6 64. h6 Bh8 65. Rf8 Be5 66. Nxe5 Rxe5 67. g6 hxg6 68. h7  1-0

[Event "36th Reykjavik op"]
[Site "Reykjavik ISL"]
[Date "2023.03.30"]
[Round "2.55"]
[White "Tulendinov, Dinmukhammed"]
[Black "Gajewski, Grzegorz"]
[WhiteElo "2048"]
[BlackElo "2587"]
[Result "0-1"]
[EventDate "2023.03.29"]
[PlyCount "52"]

1. e4 c5 2. Nc3 d6 3. g3 Nc6 4. Bg2 g6 5. d3 Bg7 6. Nge2 Nf6 7. O-O O-O 8. f4 Rb8
9. h3 Bd7 10. g4 b5 11. g5 Nh5 12. Kh2 Nd4 13. Nxd4 cxd4 14. Ne2 Rc8 15. Bd2 e5 16.
Bf3 Nxf4 17. Nxf4 exf4 18. Bxf4 Rc5 19. Bxd6 Rxg5 20. Bf4 (20. Rg1 Be5+ 21. Bxe5
Rxe5 22. Bg4 Bxg4 23. hxg4 Qh4+ 24. Kg2 Rg5 25. Qf3 f5 26. e5 Rxg4+) 20... Be5 21.
Bxe5 Rxe5 22. Bg4 Bxg4 23. hxg4 Qh4+ 24. Kg2 Rg5 25. Rf4 f5 26. exf5 Rfxf5  0-1

[Event "36th Reykjavik op"]
[Site "Reykjavik ISL"]
[Date "2023.03.30"]
[Round "2.56"]
[White "Fier, Alexandr"]
[Black "Kukavica, Tony"]
[WhiteElo "2606"]
[BlackElo "1981"]
[Result "1-0"]
[EventDate "2023.03.29"]
[PlyCount "55"]

1. e4 c5 2. Nf3 e6 3. d4 cxd4 4. Nxd4 Nc6 5. Nc3 Qc7 6. Be3 a6 7. g4 Bb4 8. Nxc6
Bxc3+ 9. bxc3 dxc6 10. Bc5 Qe5 11. Qd4 Qxd4 12. cxd4 e5 13. dxe5 Bxg4 14. Rg1 Bf3
15. Rxg7 Bxe4 16. e6 fxe6 17. Rxb7 Bxc2 18. Rb2 Ba4 19. Bd4 Nf6 20. Bxf6 Rf8 21.
Be5 Rf5 22. f4 Bb5 23. Bh3 Rh5 24. Bxe6 Ke7 25. f5 Rh4 26. Kf2 Re4 27. Re1 Ra4 28.
Rg1  1-0

[Event "36th Reykjavik op"]
[Site "Reykjavik ISL"]
[Date "2023.03.30"]
[Round "2.57"]
[White "Alfaro Guillen, Jose Raul"]
[Black "Kusa, Jakub"]
[WhiteElo "1983"]
[BlackElo "2373"]
[Result "0-1"]
[EventDate "2023.03.29"]
[PlyCount "40"]

1. e4 e5 2. Nf3 Nc6 3. Bc4 Bc5 4. c3 Nf6 5. d3 d6 6. O-O Bb6 7. b4 Ne7 8. a4 c6 9.
Bb3 O-O 10. Nbd2 Ng6 11. Bb2 d5 12. c4 d4 13. c5 Bc7 14. Qc2 Nh5 15. Nc4 Nhf4 16.
b5 Qf6 17. Nd6 Bxd6 18. cxd6 Nxg2 19. Kxg2 Bh3+ 20. Kg3 Qf4+  0-1

[Event "36th Reykjavik op"]
[Site "Reykjavik ISL"]
[Date "2023.03.30"]
[Round "2.58"]
[White "Pigott, John"]
[Black "Schrodt, Sebastian"]
[WhiteElo "2361"]
[BlackElo "1972"]
[Result "1-0"]
[EventDate "2023.03.29"]
[PlyCount "49"]

1. e4 d6 2. d4 Nf6 3. Nc3 e5 4. Nf3 exd4 5. Nxd4 Be7 6. Bf4 O-O 7. Qd2 c6 8. O-O-O
Qc7 9. f3 b5 10. g4 b4 11. Na4 c5 12. Nf5 Qa5 13. b3 Bd7 14. Nxd6 Bxa4 15. bxa4 Qxa4
16. Kb1 Qa3 17. Nf5 Nc6 18. e5 Rad8 19. Nxe7+ Kh8 20. Bd3 Nxe7 21. exf6 Nd5 22. fxg7+
Kxg7 23. Be5+ f6 24. Bb2 Nc3+ 25. Qxc3  1-0

[Event "36th Reykjavik op"]
[Site "Reykjavik ISL"]
[Date "2023.03.30"]
[Round "2.59"]
[White "Thorsteinsdottir, Hallgerdur"]
[Black "O`gorman, Tom"]
[WhiteElo "1978"]
[BlackElo "2357"]
[Result "0-1"]
[EventDate "2023.03.29"]
[PlyCount "72"]

1. e4 e5 2. Nf3 Nc6 3. Bc4 Bc5 4. d3 Nf6 5. c3 d6 6. O-O a6 7. a4 Ba7 8. h3 h6 9.
Re1 g5 10. Be3 g4 11. hxg4 Bxg4 12. Nbd2 Qe7 13. b4 Rg8 14. Kf1 Nh5 15. g3 Qf6 16.
Bxa7 Nxa7 17. d4 Nc6 18. b5 Nd8 19. bxa6 bxa6 20. dxe5 dxe5 21. Ke2 Ne6 22. Bxe6
fxe6 23. c4 Rd8 24. Ra3 Rg7 25. Qb3 Rgd7 26. Rd1 Nf4+ 27. gxf4 Qxf4 28. Qe3 Bxf3+
29. Qxf3 Rxd2+ 30. Rxd2 Rxd2+ 31. Ke1 Qxf3 32. Rxf3 Rd4 33. Rf6 Ke7 34. Rxh6 Rxe4+
35. Kd2 Rxc4 36. a5 Ra4  0-1

[Event "36th Reykjavik op"]
[Site "Reykjavik ISL"]
[Date "2023.03.30"]
[Round "2.60"]
[White "Miller, Eduard"]
[Black "Yeo, Ruizhi Carwyn"]
[WhiteElo "2354"]
[BlackElo "1963"]
[Result "1-0"]
[EventDate "2023.03.29"]
[PlyCount "89"]

1. d4 Nf6 2. Bf4 g6 3. e3 Bg7 4. Nf3 d6 5. h3 O-O 6. Be2 Nc6 7. O-O Qe8 8. c4 e5
9. Bh2 Ne4 10. d5 Nb8 11. Nfd2 Nxd2 12. Qxd2 f5 13. Nc3 Nd7 14. b4 Qe7 15. Rac1 b6
16. c5 bxc5 17. Na4 Nb6 18. Nxc5 dxc5 19. bxc5 Nxd5 20. Qxd5+ Be6 21. Qd2 Rfd8 22.
Qa5 c6 23. Bg3 Bd5 24. f3 Rab8 25. Rc2 Rb7 26. Ba6 Rbd7 27. Qa4 Qg5 28. Kf2 Bh6 29.
Re1 f4 30. exf4 exf4 31. Bh2 Qf5 32. Rce2 g5 33. Bg1 Bf8 34. Kf1 Rb8 35. Re5 Qg6
36. Qa3 Bg7 37. Bd3 Qh5 38. Re7 Rxe7 39. Rxe7 Bxf3 40. Qxa7 Bxg2+ 41. Kxg2 Rb2+ 42.
Bf2 Rxf2+ 43. Kxf2 Bd4+ 44. Kg2 f3+ 45. Kh2  1-0

[Event "36th Reykjavik op"]
[Site "Reykjavik ISL"]
[Date "2023.03.30"]
[Round "2.61"]
[White "Moeller, Jared William"]
[Black "Fitzsimons, David"]
[WhiteElo "1974"]
[BlackElo "2338"]
[Result "0-1"]
[EventDate "2023.03.29"]
[PlyCount "46"]

1. d4 Nf6 2. c4 e6 3. Nf3 Bb4+ 4. Nbd2 O-O 5. a3 Be7 6. e4 d6 7. Be2 Nfd7 8. Qc2
e5 9. d5 a5 10. Nf1 Nc5 11. Be3 Nba6 12. Ng3 Bd7 13. b3 c6 14. h4 Rc8 15. Bd3 cxd5
16. exd5 Nxd3+ 17. Qxd3 f5 18. Ng5 h6 19. f4 exf4 20. Bxf4 hxg5 21. hxg5 Bxg5 22.
Bxd6 Re8+ 23. Kd1 Qf6  0-1

[Event "36th Reykjavik op"]
[Site "Reykjavik ISL"]
[Date "2023.03.30"]
[Round "2.62"]
[White "Grigoriev, Dmitriy"]
[Black "Domalchuk-Jonasson, Aleksandr"]
[WhiteElo "1969"]
[BlackElo "2318"]
[Result "1/2-1/2"]
[EventDate "2023.03.29"]
[PlyCount "145"]

1. e4 c5 2. d4 cxd4 3. Qxd4 Nc6 4. Qd3 Nf6 5. Nc3 d6 6. Nf3 g6 7. Be2 Bg7 8. O-O
O-O 9. Nd5 Nxd5 10. exd5 Bf5 11. Qd1 Nb4 12. c3 Na6 13. Be3 Nc5 14. Bd4 Bh6 15. Re1
a5 16. Bb5 Rc8 17. Qe2 e5 18. dxe6 fxe6 19. Bc4 d5 20. Qe5 Kf7 21. Rad1 (21. Red1
Rg8 22. Bxc5 Rxc5 23. Bd3 Re8 24. Bxf5 gxf5 25. Rd3 Bg7 26. Qf4 Rc4 27. Ne5+ Bxe5
28. Qxe5 Rg4 29. Rh3 Kg8 30. g3 Rg6 31. Rh5 Rf8 32. Qf4 Qf6 33. Qc7 Rf7 34. Qe5)
21... Rg8 22. Bxc5 Rxc5 23. Bd3 Re8 24. Qd4 (24. Bxf5 gxf5 25. Rd3 Bg7 26. Qf4 Rc4
27. Ne5+ Bxe5 28. Qxe5 Rg4 29. Rh3 Kg8 30. g3 Rg6 31. Rh5 Rf8 32. Qf4 Qf6 33. Qc7
Rf7 34. Qe5 Qxe5 35. Rxe5 Rc7 36. Rh4 b5 37. Rd4 Rc4 38. Rxc4 bxc4 39. b3 cxb3 40.
axb3 f4 41. Kg2 Kf7 42. c4 Kf6 43. Rh5 fxg3 44. hxg3 dxc4 45. bxc4 Rg5 46. Rh6+ Kg7
47. Rxe6 Rc5 48. Ra6 Rxc4 49. Rxa5 Rc2 50. Ra6 Rb2 51. Kf3 Rc2 52. Ke3 Rc3+ 53. Kf4
Rc4+ 54. Kf5 Rc5+ 55. Kg4 Rc7 56. f4 Rb7 57. f5 Rc7 58. Kg5 Rb7 59. g4 Rc7 60. Kh5
Rb7 61. g5 Rb1 62. Ra7+ Kg8 63. g6 Rh1+ 64. Kg5 Rg1+ 65. Kf6 hxg6 66. Rg7+ Kf8 67.
Rxg6 Ra1 68. Rg2 Ra6+ 69. Kg5 Kg7 70. Kf4+ Kf7 71. Rh2 Ra1 72. f6) 24... Rc8 25.
Bxf5 gxf5 26. Rd3 Bg7 27. Qf4 Rc4 28. Ne5+ Bxe5 29. Qxe5 Rg4 30. Rh3 Kg8 31. g3 Rg6
32. Rh5 Rf8 33. Qf4 Qf6 34. Qc7 Rf7 35. Qe5 Qxe5 36. Rxe5 Rc7 37. Rh4 b5 38. Rd4
Rc4 39. Rxc4 bxc4 40. b3 cxb3 41. axb3 f4 42. Kg2 Kf7 43. c4 Kf6 44. Rh5 fxg3 45.
hxg3 dxc4 46. bxc4 Rg5 47. Rh6+ Kg7 48. Rxe6 Rc5 49. Ra6 Rxc4 50. Rxa5 Rc2 51. Ra6
Rb2 52. Kf3 Rc2 53. Ke3 Rc3+ 54. Kf4 Rc4+ 55. Kf5 Rc5+ 56. Kg4 Rc7 57. f4 Rb7 58.
f5 Rc7 59. Kg5 Rb7 60. g4 Rc7 61. Kh5 Rb7 62. g5 Rb1 63. Ra7+ Kg8 64. g6 Rh1+ 65.
Kg5 Rg1+ 66. Kf6 hxg6 67. Rg7+ Kf8 68. Rxg6 Ra1 69. Rg2 Ra6+ 70. Kg5 Kg7 71. Kf4+
Kf7 72. Rh2 Ra1 73. f6  1/2-1/2

[Event "36th Reykjavik op"]
[Site "Reykjavik ISL"]
[Date "2023.03.30"]
[Round "2.63"]
[White "Andriessen, Bart Jan"]
[Black "Baasansuren, Erdene"]
[WhiteElo "1966"]
[BlackElo "2232"]
[Result "0-1"]
[EventDate "2023.03.29"]
[PlyCount "60"]

1. c4 e6 2. d4 d5 3. Nf3 Nf6 4. g3 Bb4+ 5. Bd2 Be7 6. Bg2 O-O 7. O-O c6 8. Bf4 dxc4
9. Ne5 Nd5 10. Nxc4 Nxf4 11. gxf4 Nd7 12. Nc3 Qc7 13. e3 b6 14. Re1 Bb7 15. Rc1 Rac8
16. a3 a5 17. a4 Kh8 18. Qb3 Ba6 19. Ne5 Nxe5 20. fxe5 Bb4 21. Red1 Qe7 22. Ne4 Be2
23. Re1 Bh5 24. Nd6 Rb8 25. Bxc6 Qg5+ 26. Kh1 Qh4 27. Rg1 Qxf2 28. Qd3 Bf3+ 29. Bxf3
Qxf3+ 30. Rg2 f6  0-1

[Event "36th Reykjavik op"]
[Site "Reykjavik ISL"]
[Date "2023.03.30"]
[Round "2.64"]
[White "Large, Peter G"]
[Black "Koschetzki, Christian"]
[WhiteElo "2227"]
[BlackElo "1960"]
[Result "1-0"]
[EventDate "2023.03.29"]
[PlyCount "45"]

1. e4 c6 2. d4 d5 3. exd5 cxd5 4. c4 Nf6 5. Nc3 g6 6. Qb3 Bg7 7. cxd5 O-O 8. Be2
Nbd7 9. Bf3 Nb6 10. Bg5 Bf5 11. Rd1 Qd7 12. h3 h5 13. Nge2 Rfd8 14. Bxf6 exf6 15.
O-O h4 16. d6 Qxd6 17. Nb5 Qd7 18. d5 Rdc8 19. Ned4 a6 20. Na7 Rxa7 21. Qxb6 Raa8
22. Nxf5 Qxf5 23. Bg4  1-0

[Event "36th Reykjavik op"]
[Site "Reykjavik ISL"]
[Date "2023.03.30"]
[Round "2.65"]
[White "Biedenkopf, Philipp"]
[Black "Dieu, Bruno"]
[WhiteElo "1959"]
[BlackElo "2219"]
[Result "0-1"]
[EventDate "2023.03.29"]
[PlyCount "48"]

1. d4 d5 2. c4 e6 3. Nf3 c5 4. cxd5 exd5 5. g3 Nc6 6. Bg2 Nf6 7. O-O Be7 8. Nc3 O-O
9. dxc5 d4 10. Na4 Bf5 11. Bf4 Be4 12. Rc1 Qd5 13. a3 g5 14. Bd6 b5 15. b4 Bxd6 16.
cxd6 bxa4 17. Rc5 Qxd6 18. Rxg5+ Kh8 19. Qxa4 a5 20. b5 h6 21. bxc6 hxg5 22. Qb5
Bxc6 23. Qxg5 Nh7 24. Qh4 Qf6  0-1

[Event "36th Reykjavik op"]
[Site "Reykjavik ISL"]
[Date "2023.03.30"]
[Round "2.66"]
[White "Andrews, Todd"]
[Black "Kolka, David"]
[WhiteElo "2217"]
[BlackElo "1940"]
[Result "1-0"]
[EventDate "2023.03.29"]
[PlyCount "155"]

1. d4 d5 2. c4 c6 3. Nf3 Nf6 4. e3 e6 5. Bd3 Nbd7 6. O-O Bd6 7. Nc3 O-O 8. e4 dxe4
9. Nxe4 Nxe4 10. Bxe4 e5 11. dxe5 Nxe5 12. Nxe5 Bxe5 13. Bxh7+ Kxh7 14. Qh5+ Kg8
15. Qxe5 Re8 16. Qg3 Qf6 17. Bd2 Bf5 18. Rfe1 Qg6 19. Qxg6 Bxg6 20. f3 f6 21. Kf2
Kf7 22. Rad1 Bc2 23. Rc1 Bf5 24. g4 Be6 25. h4 Red8 26. Be3 Rd7 27. Kg3 a6 28. h5
b5 29. cxb5 axb5 30. a3 Bd5 31. Bc5 Re8 32. Rxe8 Kxe8 33. Re1+ Kf7 34. f4 Bc4 35.
g5 Rd3+ 36. Kh4 fxg5+ 37. fxg5 Be6 38. Rf1+ Ke8 39. g6 Rh3+ 40. Kg5 Rg3+ 41. Kf4
Rh3 42. Ke5 Kd7 43. Rf7+ Bxf7 44. gxf7 Rxh5+ 45. Kf4 Rxc5 46. f8=Q g5+ 47. Ke4 Rd5
48. Qf7+ Kd6 49. b3 g4 50. Qf8+ Kc7 51. Qg7+ Kb6 52. Qxg4 Rd8 53. Qe6 Kc7 54. Qe7+
Rd7 55. Qc5 Kb7 56. b4 Rd2 57. a4 bxa4 58. b5 cxb5 59. Qxb5+ Kc8 60. Qa6+ Kb8 61.
Qxa4 Rg2 62. Ke5 Rg7 63. Qc6 Ka7 64. Qf6 Rb7 65. Kd5 Rb6 66. Qe7+ Ka6 67. Kc5 Rb5+
68. Kc4 Rb7 69. Qd6+ Rb6 70. Qc7 Rb7 71. Qc8 Kb6 72. Qc5+ Ka6 73. Qc6+ Ka7 74. Kc5
Ka8 75. Qc8+ Ka7 76. Qd8 Rg7 77. Kc6 Rg6+ 78. Kb5  1-0

[Event "36th Reykjavik op"]
[Site "Reykjavik ISL"]
[Date "2023.03.30"]
[Round "2.67"]
[White "Arndt, Uwe"]
[Black "Rebers, Eugene"]
[WhiteElo "1940"]
[BlackElo "2213"]
[Result "0-1"]
[EventDate "2023.03.29"]
[PlyCount "78"]

1. d4 Nf6 2. c4 e6 3. Nf3 d5 4. Bg5 h6 5. Bh4 dxc4 6. Nc3 Bb4 7. e3 b5 8. a4 c6 9.
Be2 Bb7 10. O-O Bxc3 11. bxc3 Nbd7 12. Qb1 Qb6 13. Qb4 a5 14. Qd6 g5 15. Nxg5 hxg5
16. Bxg5 Rg8 17. h4 c5 18. dxc5 Qxd6 19. cxd6 Ne4 20. Bf3 Ne5 21. Bxe4 Bxe4 22. f3
Bd3 23. Rf2 b4 24. Bf6 Nd7 25. Bg5 f6 26. Bf4 e5 27. Bh2 bxc3 28. f4 c2 29. fxe5
fxe5 30. Rc1 Rb8 31. Rfxc2 Bxc2 32. Rxc2 Rb1+ 33. Kf2 Nf6 34. Rxc4 Ng4+ 35. Ke2 Nxh2
36. Rc8+ Kf7 37. d7 Rb8 38. Rc5 Ke6 39. Rxa5 e4  0-1

[Event "36th Reykjavik op"]
[Site "Reykjavik ISL"]
[Date "2023.03.30"]
[Round "2.68"]
[White "Townsend, M. Paul"]
[Black "Ragnarsson, Johann"]
[WhiteElo "2209"]
[BlackElo "1929"]
[Result "1-0"]
[EventDate "2023.03.29"]
[PlyCount "51"]

1. c4 c6 2. Nf3 d5 3. d4 e6 4. Qc2 dxc4 5. Qxc4 b5 6. Qc2 Bb7 7. g3 Nd7 8. Bg2 Ngf6
9. O-O c5 10. a4 Rc8 11. axb5 cxd4 12. Qd1 e5 13. e3 Qb6 14. exd4 e4 15. Ne5 Nxe5
16. dxe5 Nd7 17. Bf4 Nc5 18. Nc3 Nd3 19. Be3 Bc5 20. Nxe4 Bxe4 21. Bxe4 Nxe5 22.
Qh5 Qd6 23. Rad1 Qe7 24. Bc6+ Kf8 25. Bxc5 Qxc5 26. Rd5  1-0

[Event "36th Reykjavik op"]
[Site "Reykjavik ISL"]
[Date "2023.03.30"]
[Round "2.69"]
[White "Ricken, Katharina"]
[Black "Hartmann, Wolfgang"]
[WhiteElo "2205"]
[BlackElo "1925"]
[Result "1-0"]
[EventDate "2023.03.29"]
[PlyCount "83"]

1. Nf3 c5 2. b3 d6 3. c4 Nc6 4. Bb2 e5 5. Nc3 g6 6. g3 Bg7 7. d3 Nge7 8. Bg2 h6 9.
O-O O-O 10. Nd2 Be6 11. a3 Qd7 12. Nd5 Rab8 13. e3 b5 14. Qc2 f5 15. Bc3 Kh7 16.
Rfb1 Bf7 17. Nxe7 Nxe7 18. f4 exf4 19. Bxg7 Kxg7 20. exf4 Nc6 21. Qc3+ Kh7 22. Nf3
a6 23. b4 Qa7 24. Kh1 Rbc8 25. cxb5 axb5 26. bxc5 dxc5 27. Rxb5 Nd4 28. Rb7 Qxb7
29. Ng5+ hxg5 30. Bxb7 Rc7 31. Bg2 gxf4 32. gxf4 Rd8 33. a4 Rdc8 34. a5 Ra7 35. a6
Rcc7 36. h4 Be8 37. Ra5 Bb5 38. Bb7 Rcxb7 39. axb7 Bc6+ 40. Kh2 Nf3+ 41. Kg3 Rxb7
42. Rxc5  1-0

[Event "36th Reykjavik op"]
[Site "Reykjavik ISL"]
[Date "2023.03.30"]
[Round "2.70"]
[White "Kristinsson, Ogmundur"]
[Black "Cornelisse, John"]
[WhiteElo "1937"]
[BlackElo "2203"]
[Result "1/2-1/2"]
[EventDate "2023.03.29"]
[PlyCount "91"]

1. d4 d5 2. Bg5 f6 3. Bh4 Nh6 4. f3 c5 5. c3 Qb6 6. Qd2 cxd4 7. cxd4 Nc6 8. Nc3 Be6
9. Bf2 Rd8 10. e3 g6 11. a3 Qb3 12. Bb5 Nf5 13. Nge2 Nd6 14. Nc1 Qxb5 15. Nxb5 Nxb5
16. Nd3 Bh6 17. Qe2 Nd6 18. Bg3 Nf5 19. Bf4 g5 20. Bc7 Rc8 21. Nc5 Bf7 22. g4 Nfxd4
23. exd4 Rxc7 24. Qe3 e5 25. dxe5 Nxe5 26. O-O O-O 27. Nb3 Re8 28. Qxa7 Nd3 29. Nd4
Bf8 30. b4 Bd6 31. Nb5 Bxh2+ 32. Kxh2 Rc2+ 33. Kh1 Ree2 34. Qg1 Nf2+ 35. Rxf2 Rxf2
36. Rd1 Rxf3 37. Qd4 Rc4 38. Qa7 Rxg4 39. Rd2 d4 40. Qb8+ Kg7 41. Qxb7 Rh3+ 42. Rh2
Rhg3 43. Rxh7+ Kxh7 44. Qxf7+ Kh6 45. Qxf6+ Kh7 46. Qf7+  1/2-1/2

[Event "36th Reykjavik op"]
[Site "Reykjavik ISL"]
[Date "2023.03.30"]
[Round "2.71"]
[White "Kee, Steve"]
[Black "Melzner, Lukas"]
[WhiteElo "1919"]
[BlackElo "2199"]
[Result "0-1"]
[EventDate "2023.03.29"]
[PlyCount "126"]

1. c4 c5 2. Nc3 Nc6 3. g3 g6 4. Bg2 Bg7 5. a3 e6 6. e4 Nge7 7. Nge2 b6 8. O-O O-O
9. d3 Bb7 10. Be3 Nd4 11. Nf4 d6 12. Rb1 Qd7 13. Qd2 Nec6 14. b4 Ne5 15. Bxd4 cxd4
16. Nce2 Nc6 17. Nh3 e5 18. f4 f5 19. exf5 gxf5 20. fxe5 dxe5 21. Bd5+ Kh8 22. Qg5
Rf6 23. Qh5 Rh6 24. Qxf5 Qxf5 25. Rxf5 Rxh3 26. Rf7 Rb8 27. Rxb7 Rxb7 28. Bxc6 Rc7
29. Be4 Rh6 30. g4 Rf6 31. Ng3 Rf8 32. Bf5 Bh6 33. Ne4 Be3+ 34. Kg2 h5 35. h3 Kg7
36. a4 Kh6 37. Rb2 Rg7 38. Kf3 Rc7 39. c5 Rb8 40. Rc2 bxc5 41. Rxc5 Rxc5 42. bxc5
Rb1 43. c6 Rf1+ 44. Ke2 Rc1 45. Bd7 hxg4 46. hxg4 Kg7 47. Nd6 Kf8 48. Nc4 e4 49.
Nxe3 dxe3 50. Kxe3 exd3 51. Kxd3 Ke7 52. Ke4 Ra1 53. Ke5 Rxa4 54. Kf5 Ra5+ 55. Kg6
Ra1 56. g5 a5 57. Bf5 Rc1 58. Kh7 Rxc6 59. g6 Kf6 60. Bb1 a4 61. Be4 Rc7+ 62. Kh8
a3 63. Bb1 Rg7  0-1

[Event "36th Reykjavik op"]
[Site "Reykjavik ISL"]
[Date "2023.03.30"]
[Round "2.72"]
[White "Sharma, Isha"]
[Black "Gregersen, Einar"]
[WhiteElo "2197"]
[BlackElo "1894"]
[Result "1-0"]
[EventDate "2023.03.29"]
[PlyCount "59"]

1. e4 c5 2. Nf3 d6 3. Nc3 Nf6 4. e5 dxe5 5. Nxe5 Nbd7 6. d4 Nxe5 7. dxe5 Qxd1+ 8.
Nxd1 Nd5 9. Bd3 Bd7 10. a3 e6 11. O-O Bc6 12. c4 Ne7 13. Nc3 h6 14. b4 Rd8 15. Rd1
b6 16. bxc5 bxc5 17. Be3 g5 18. Ne4 Bxe4 19. Bxe4 Rxd1+ 20. Rxd1 Bg7 21. Bxc5 Bxe5
22. Bxa7 f5 23. Bb7 Bc7 24. Bc5 Rh7 25. Ba6 Ba5 26. Bb5+ Kf8 27. Rd7 Rf7 28. Ra7
Bc3 29. Ra8+ Kg7 30. Be8  1-0

[Event "36th Reykjavik op"]
[Site "Reykjavik ISL"]
[Date "2023.03.30"]
[Round "2.73"]
[White "Doran, Chris"]
[Black "Leonard, Timo"]
[WhiteElo "1918"]
[BlackElo "2196"]
[Result "0-1"]
[EventDate "2023.03.29"]
[PlyCount "46"]

1. e4 e6 2. d4 d5 3. Nd2 c5 4. Ngf3 cxd4 5. Nxd4 Nc6 6. Nxc6 bxc6 7. Bd3 Bd6 8. Nf3
Qc7 9. O-O Nf6 10. exd5 cxd5 11. Re1 O-O 12. Qe2 e5 13. Nxe5 Re8 14. f4 Ng4 15. h3
Bxe5 16. fxe5 Rxe5 17. Qf1 Rxe1 18. Qxe1 Qh2+ 19. Kf1 Qh1+ 20. Ke2 Qxg2+ 21. Kd1
Nf2+ 22. Kd2 Nxd3+ 23. Kxd3 Bf5+  0-1

[Event "36th Reykjavik op"]
[Site "Reykjavik ISL"]
[Date "2023.03.30"]
[Round "2.74"]
[White "Bruchmann, Stephan"]
[Black "Haraldsson, Haraldur"]
[WhiteElo "2185"]
[BlackElo "1882"]
[Result "0-1"]
[EventDate "2023.03.29"]
[PlyCount "84"]

1. e4 c5 2. Nf3 d6 3. d4 cxd4 4. Qxd4 Nc6 5. Bb5 Bd7 6. Bxc6 Bxc6 7. Nc3 Nf6 8. Bg5
h6 9. Bxf6 gxf6 10. O-O-O Qa5 11. Kb1 Qc5 12. Qd2 h5 13. Nd4 e6 14. Rhe1 O-O-O 15.
Nxc6 bxc6 16. Qe2 Kc7 17. Rd3 Rb8 18. Red1 Be7 19. f4 f5 20. b3 Rbd8 21. Qe1 fxe4
22. Nxe4 Qb5 23. a4 Qf5 24. Ng3 Qc5 25. f5 h4 26. f6 Bf8 27. Ne4 Qe5 28. Qe3 Qa5
29. g4 d5 30. g5 Re8 31. Nf2 Bd6 32. Ng4 e5 33. Nh6 Rh7 34. Qh3 e4 35. R3d2 Be5 36.
Nf5 Rb8 37. Ka2 Rb4 38. Nd4 Rh8 39. Qf5 Rxa4+ 40. bxa4 Qxa4+ 41. Kb1 Rb8+ 42. Nb3
Qa1#  0-1

[Event "36th Reykjavik op"]
[Site "Reykjavik ISL"]
[Date "2023.03.30"]
[Round "2.75"]
[White "Omarsson, Adam"]
[Black "Mack, Andrew"]
[WhiteElo "1890"]
[BlackElo "2183"]
[Result "1/2-1/2"]
[EventDate "2023.03.29"]
[PlyCount "56"]

1. d4 d5 2. c4 c6 3. Nc3 Nf6 4. Nf3 e6 5. Bg5 Nbd7 6. e3 Qa5 7. Bxf6 Nxf6 8. Bd3
Bb4 9. Qc2 dxc4 10. Bxc4 Nd5 11. Rc1 Nxc3 12. bxc3 Ba3 13. Rb1 O-O 14. O-O Be7 15.
h3 Qc7 16. Qd3 g6 17. e4 c5 18. Qd2 b6 19. Rfc1 Bb7 20. Qe3 Rac8 21. a4 Rfd8 22.
h4 Bf8 23. h5 Bc6 24. hxg6 hxg6 25. Ba6 Bb7 26. Bd3 Bc6 27. Ba6 Bb7 28. Bd3 Bc6  1/2-1/2